[Event "RUS-ch U20 Girls"]
[Site "Ekaterinburg"]
[Date "2024.04.13"]
[Round "7"]
[White "Nur Mukhametova, Alisa"]
[Black "Reger, Valeriia"]
[Result "1/2-1/2"]
[WhiteElo "2156"]
[BlackElo "1963"]
[PlyCount "120"]
[EventDate "2024.04.07"]
[EventType "tourn"]
[EventRounds "9"]
[EventCountry "RUS"]
[SourceTitle "CB16_2024"]
[SourceDate "2024.04.17"]
[SourceVersion "1"]
[SourceVersionDate "2024.04.17"]
[SourceQuality "1"]

1. d4 Nf6 2. c4 e6 3. Nc3 Bb4 4. e3 0-0 5. Bd3 Re8 6. Nge2 d5 7. 0-0 b6 8. a3 Bf8 9. Qc2 Bb7 10. e4 dxe4 11. Nxe4 Nbd7 12. Rd1 Nxe4 13. Bxe4 Bxe4 14. Qxe4 c5 15. Be3 Qc8 16. Rac1 cxd4 17. Nxd4 Nc5 18. Qc2 e5 19. Ne2 Qc6 20. Rd5 Rac8 21. b4 Nb7 22. Qb3 Qe6 23. Rcd1 Rc7 24. Qa4 a5 25. Bxb6 Rxc4 26. Qb3 Rec8 27. bxa5 Rc2 28. Qe3 Nd6 29. Ng3 Nc4 30. Qb3 Nxa3 31. h3 R2c3 32. Qa4 Nc4 33. Qb5 e4 34. Qd7 Nxb6 35. axb6 e3 36. b7 exf2+ 37. Kxf2 Qb6+ 38. Kf1 Rc2 39. Ne4 Rb8 40. Rb5 Qg6 41. Nf2 Qf6 42. Rf5 Qa6+ 43. Kg1 Rxb7 44. Qd5 g6 45. Rf3 Bc5 46. Qe4 Bxf2+ 47. Rxf2 Rxf2 48. Kxf2 Qa7+ 49. Kf1 Rb6 50. Rd8+ Kg7 51. Qd4+ Rf6+ 52. Kg1 Qa6 53. Kh2 h5 54. Qe5 Qf1 55. Qe8 Qf4+ 56. Kg1 Qc1+ 57. Kh2 Qf4+ 58. Kg1 Kh6 59. Qh8+ Kg5 60. Qe8 Kh6 1/2-1/2

[Event "RUS-chT Blitz (Women)"]
[Site "Sochi"]
[Date "2023.10.17"]
[Round "6.3"]
[White "Voit, Daria"]
[Black "Nur Mukhametova, Alisa"]
[Result "1-0"]
[WhiteElo "2343"]
[BlackElo "2133"]
[PlyCount "73"]
[EventDate "2023.10.17"]
[EventType "team-tourn (blitz)"]
[EventRounds "13"]
[EventCountry "RUS"]
[SourceTitle "Mega2024 Update 01"]
[Source "Chessbase"]
[SourceDate "2023.11.12"]
[SourceVersion "1"]
[SourceVersionDate "2023.11.12"]
[SourceQuality "1"]
[WhiteTeam "Moscow ShSM (W)"]
[BlackTeam "Tatarstan Ladya (W)"]
[WhiteTeamCountry "RUS"]
[BlackTeamCountry "RUS"]

1. Nf3 d5 2. c4 d4 3. g3 Nc6 4. Bg2 e5 5. 0-0 Nf6 6. d3 Bc5 7. e3 0-0 8. exd4 Bxd4 9. Nxd4 Nxd4 10. Nc3 c6 11. Be3 Bg4 12. f3 Bf5 13. Qd2 Re8 14. Rae1 Qd6 15. Ne4 Bxe4 16. dxe4 Rad8 17. Qa5 Qb8 18. Rf2 b6 19. Qc3 c5 20. Bh3 Qb7 21. Bf1 Qa6 22. a3 Qa4 23. Bg5 Nd7 24. Bxd8 Rxd8 25. Bh3 Nf6 26. b4 a5 27. bxc5 bxc5 28. Rb1 h6 29. Bf1 Ra8 30. Kg2 Qc6 31. Bd3 a4 32. Rfb2 Rd8 33. Rb8 Rxb8 34. Rxb8+ Kh7 35. Qa5 Qd6 36. Qd8 Qc6 37. Rb6 1-0

[Event "RUS-ch Rapid (Women)"]
[Site "Sochi"]
[Date "2023.10.16"]
[Round "7"]
[White "Garifullina, Leya"]
[Black "Nur Mukhametova, Alisa"]
[Result "1-0"]
[WhiteElo "2402"]
[BlackElo "2133"]
[PlyCount "113"]
[EventDate "2023.10.15"]
[EventType "swiss (rapid)"]
[EventRounds "11"]
[EventCountry "RUS"]
[SourceTitle "Mega2024 Update 01"]
[Source "Chessbase"]
[SourceDate "2023.11.12"]
[SourceVersion "1"]
[SourceVersionDate "2023.11.12"]
[SourceQuality "1"]

1. e4 e6 2. d4 d5 3. Nc3 Bb4 4. e5 Qd7 5. Qg4 f5 6. Qg3 b6 7. a3 Bxc3+ 8. Qxc3 Ba6 9. Bxa6 Nxa6 10. Ne2 Ne7 11. h4 0-0 12. h5 c5 13. h6 g6 14. Qd3 Nc7 15. Bg5 cxd4 16. Nxd4 Nc6 17. Nf3 Na5 18. 0-0-0 Qb5 19. Kb1 Nc4 20. Bc1 Qc5 21. Nd4 Rfe8 22. f4 Nb5 23. Ne2 Rf8 24. g4 fxg4 25. Rdg1 Kf7 26. Rxg4 Rac8 27. a4 Nc7 28. Nd4 b5 29. b3 bxa4 30. bxc4 dxc4 31. Qd1 Nd5 32. Rh3 Rb8+ 33. Ka1 c3 34. f5 exf5 35. Nxf5 gxf5 36. Rg7+ Ke8 37. Rd3 Qb5 38. Ba3 Rf7 39. Rxd5 Qc4 40. Rxf7 Kxf7 41. Rd7+ Kg6 42. Qg1+ Kxh6 43. Qg7+ Kh5 44. Qxh7+ Kg4 45. Rg7+ Kf3 46. Qh3+ Ke4 47. Qg2+ Kf4 48. Bc1+ Kxe5 49. Re7+ Kd6 50. Ba3+ Rb4 51. Re1 Kc7 52. Qg7+ Kb6 53. Qf6+ Ka5 54. Bxb4+ Kxb4 55. Rb1+ Ka5 56. Qxf5+ Ka6 57. Qd3 1-0

[Event "Ufa Penzina Memorial"]
[Site "Ufa"]
[Date "2023.08.11"]
[Round "6"]
[White "Nur Mukhametova, Alisa"]
[Black "Yakimova, Mariya"]
[Result "1/2-1/2"]
[WhiteElo "2124"]
[BlackElo "2213"]
[PlyCount "187"]
[EventDate "2023.08.06"]
[EventType "swiss"]
[EventRounds "9"]
[EventCountry "RUS"]
[SourceTitle "CBM 215 Extra"]
[Source "ChessBase"]
[SourceDate "2023.09.30"]
[SourceVersion "1"]
[SourceVersionDate "2023.09.30"]
[SourceQuality "1"]

1. b3 e5 2. Bb2 Nc6 3. e3 d5 4. Bb5 e4 5. d3 Qg5 6. g3 Bg4 7. Bxc6+ bxc6 8. Qd2 Nf6 9. Qc3 c5 10. Qe5+ Qxe5 11. Bxe5 Nd7 12. Bc3 f5 13. Nd2 0-0-0 14. f3 Bh5 15. Ne2 exd3 16. cxd3 Nb6 17. Nf4 Bf7 18. d4 Kb7 19. Nd3 cxd4 20. Bxd4 Rg8 21. Kf2 Ba3 22. b4 Nc4 23. Rhd1 a5 24. bxa5 Ra8 25. Rab1+ Ka6 26. Nxc4 dxc4 27. Ne5 Be6 28. Bc3 g5 29. Nc6 f4 30. Nd4 fxe3+ 31. Ke2 Bd7 32. Nc2 Bd6 33. Rxd6+ cxd6 34. Rb6+ Ka7 35. Bd4 Rad8 36. Nb4 Ka8 37. Ra6+ Kb8 38. Ra7 Bb5 39. a4 Rd7 40. axb5 Rxa7 41. Nc6+ Ka8 42. Bxa7 c3 43. Kxe3 Rf8 44. Bd4 c2 45. Kd2 Rf5 46. b6 Kb7 47. Nb4 Rxa5 48. Kxc2 Ra3 49. Kd2 Rxf3 50. Nd3 Rf1 51. Nf2 d5 52. Ke3 Rc1 53. h4 gxh4 54. gxh4 Rg1 55. Kf4 h5 56. Ke5 Kc6 57. Kf5 Rg3 58. Kf4 Rg8 59. Be3 Rg7 60. Kf5 Rg3 61. Kf4 Rg7 62. Kf3 Kb7 63. Bd4 Rg1 64. Kf4 Rg8 65. Ke5 Kc6 66. Ke6 Rg3 67. Kf5 Kb7 68. Kf4 Rg8 69. Kf3 Rg1 70. Nd3 Rd1 71. Ke2 Rh1 72. Bf2 d4 73. Kf3 Rd1 74. Ke4 Kxb6 75. Bxd4+ Kc6 76. Nf4 Kd6 77. Nxh5 Rh1 78. Bf6 Ke6 79. Bg5 Re1+ 80. Kf3 Kf5 81. Ng3+ Kg6 82. Kg4 Rg1 83. h5+ Kh7 84. Bf4 Rb1 85. Ne4 Rg1+ 86. Kf5 Rh1 87. Nf6+ Kg7 88. Kg5 Rg1+ 89. Ng4 Kh7 90. h6 Rh1 91. Nf6+ Kh8 92. Be5 Rxh6 93. Ng4+ Kh7 94. Nxh6 1/2-1/2

[Event "Ufa Penzina Memorial"]
[Site "Ufa"]
[Date "2023.08.10"]
[Round "5"]
[White "Petrukhina, Olga"]
[Black "Nur Mukhametova, Alisa"]
[Result "1/2-1/2"]
[WhiteElo "2079"]
[BlackElo "2124"]
[PlyCount "156"]
[EventDate "2023.08.06"]
[EventType "swiss"]
[EventRounds "9"]
[EventCountry "RUS"]
[SourceTitle "CBM 215 Extra"]
[Source "ChessBase"]
[SourceDate "2023.09.30"]
[SourceVersion "1"]
[SourceVersionDate "2023.09.30"]
[SourceQuality "1"]

1. d4 Nf6 2. c4 e6 3. g3 c5 4. d5 exd5 5. cxd5 d6 6. Nc3 g6 7. Bg2 Bg7 8. Nf3 0-0 9. 0-0 Re8 10. Re1 a6 11. a4 Ne4 12. Nxe4 Rxe4 13. Nd2 Rb4 14. Qc2 Nd7 15. h3 a5 16. Ra2 b5 17. axb5 Rxb5 18. b3 Rab8 19. Bb2 Bxb2 20. Qxb2 c4 21. Nxc4 Nc5 22. Qd2 a4 23. bxa4 Rb4 24. Qc2 Ba6 25. Ne3 h5 26. Qc3 Rxa4 27. Rxa4 Nxa4 28. Qa1 Nc5 29. g4 h4 30. Bf3 Ra8 31. Qd4 Nd7 32. Nc2 Rc8 33. Qa4 Nc5 34. Qa2 Qf6 35. Nb4 Bb5 36. Nc6 Re8 37. Qd2 Bd3 38. Qc1 Be4 39. Bxe4 Nxe4 40. Qe3 Qc3 41. Rc1 Qxe3 42. fxe3 Ng5 43. Rb1 Nxh3+ 44. Kg2 Rxe3 45. Rh1 Nf4+ 46. Kf2 Nxd5 47. Nb4 Re5 48. Nxd5 Rxd5 49. Rxh4 Rd4 50. Kg3 Re4 51. Rh2 g5 52. Kf3 Rf4+ 53. Kg3 Kg7 54. e3 Re4 55. Kf3 d5 56. Rd2 Re5 57. Ra2 Kf6 58. Ra4 Re6 59. Rd4 Ke5 60. Ra4 Rf6+ 61. Ke2 Rc6 62. Kf3 Rc3 63. Ra5 f6 64. Rb5 Ra3 65. Rb8 Ke6 66. Rb6+ Ke5 67. Rb8 Ra6 68. Rd8 Ke6 69. Rb8 Kd6 70. Rf8 Kc5 71. Rc8+ Rc6 72. Rd8 Kc4 73. Rd7 Re6 74. Rd8 Re5 75. Ke2 f5 76. gxf5 Rxf5 77. Rc8+ Kb5 78. Kd3 g4 1/2-1/2

[Event "Titled Tuesday intern op 7th Mar Early"]
[Site "Chess.com INT"]
[Date "2023.03.07"]
[Round "10"]
[White "Mamedov, Edgar"]
[Black "Nur Mukhametova, Alisa"]
[Result "1-0"]
[WhiteElo "2248"]
[BlackElo "2170"]
[PlyCount "137"]
[EventDate "2023.03.07"]
[EventType "swiss (blitz)"]
[EventRounds "11"]
[EventCountry "USA"]
[SourceTitle "EXT 2024"]
[Source "ChessBase"]
[SourceDate "2023.10.10"]
[SourceVersion "1"]
[SourceVersionDate "2023.10.10"]
[SourceQuality "1"]

1. d4 Nf6 2. Bg5 d5 3. e3 c5 4. Bxf6 exf6 5. Nc3 Be6 6. Nf3 Nc6 7. dxc5 Bxc5 8. Nb5 0-0 9. Nbd4 Bg4 10. Be2 Rc8 11. c3 Qb6 12. Qb3 Bxd4 13. Nxd4 Nxd4 14. Qxb6 axb6 15. Bxg4 Nc2+ 16. Kd2 Nxa1 17. Bxc8 Rxc8 18. Rxa1 Kf8 19. a4 Ke7 20. Ra3 Kd6 21. Rb3 Kc5 22. Rb4 h5 23. h4 Re8 24. Kd3 f5 25. f3 Re6 26. Rb5+ Kc6 27. Kd4 Rg6 28. Rxd5 Rxg2 29. Rxf5 Rxb2 30. Rxf7 Rg2 31. Rf5 g6 32. Rg5 Rd2+ 33. Kc4 Rd6 34. f4 Re6 35. Kd3 Kd6 36. e4 Ke7 37. Rb5 Kf6 38. Ke3 Rc6 39. Rb3 Re6 40. c4 Rc6 41. Kd4 Rd6+ 42. Kc3 Re6 43. Kd3 Rd6+ 44. Ke2 Rc6 45. Kf3 Kf7 46. Rb5 Kg7 47. e5 Kf7 48. Ke3 Ke6 49. Kd4 Kf5 50. Kd5 Kxf4 51. e6 Kf5 52. e7 Re6 53. Rxb6 Rxe7 54. a5 Rd7+ 55. Kc5 Kg4 56. Rxg6+ Kxh4 57. Kb6 Re7 58. c5 Kh3 59. c6 bxc6 60. a6 h4 61. a7 Rxa7 62. Kxa7 Kh2 63. Kb6 h3 64. Kc5 Kh1 65. Kd4 h2 66. Ke3 c5 67. Kf2 c4 68. Ra6 c3 69. Ra1# 1-0

[Event "Titled Tuesday intern op 7th Mar Early"]
[Site "Chess.com INT"]
[Date "2023.03.07"]
[Round "5"]
[White "Nur Mukhametova, Alisa"]
[Black "Karthik, Rajaa"]
[Result "0-1"]
[WhiteElo "2170"]
[BlackElo "2302"]
[PlyCount "82"]
[EventDate "2023.03.07"]
[EventType "swiss (blitz)"]
[EventRounds "11"]
[EventCountry "USA"]
[SourceTitle "EXT 2024"]
[Source "ChessBase"]
[SourceDate "2023.10.10"]
[SourceVersion "1"]
[SourceVersionDate "2023.10.10"]
[SourceQuality "1"]

1. d4 Nf6 2. c4 g6 3. Nc3 Bg7 4. Nf3 0-0 5. g3 d6 6. Bg2 c5 7. d5 e6 8. 0-0 exd5 9. cxd5 Re8 10. Re1 a6 11. a4 Bf5 12. h3 Ne4 13. Nxe4 Bxe4 14. Nd2 Bxg2 15. Kxg2 Nd7 16. Nc4 Ne5 17. Nxe5 Bxe5 18. a5 b5 19. axb6 Qxb6 20. Qc2 Qb4 21. Rd1 a5 22. Ra4 Qb7 23. Bf4 Bxf4 24. gxf4 Qb5 25. e3 Rab8 26. Rd2 Rec8 27. Ra3 Qb4 28. Qc3 a4 29. Rc2 Qe4+ 30. f3 Qxd5 31. Rxa4 Rb3 32. Qe1 Re8 33. e4 Qb7 34. Ra2 d5 35. Rxc5 dxe4 36. Kh1 Rxb2 37. Rxb2 Qxb2 38. fxe4 Qd4 39. Rd5 Qxd5 40. exd5 Rxe1+ 41. Kg2 Rd1 0-1

[Event "Titled Tuesday intern op 7th Mar Early"]
[Site "Chess.com INT"]
[Date "2023.03.07"]
[Round "2"]
[White "Nur Mukhametova, Alisa"]
[Black "Suyarov, Mukhammadzokhid"]
[Result "0-1"]
[WhiteElo "2170"]
[BlackElo "2281"]
[PlyCount "84"]
[EventDate "2023.03.07"]
[EventType "swiss (blitz)"]
[EventRounds "11"]
[EventCountry "USA"]
[SourceTitle "EXT 2024"]
[Source "ChessBase"]
[SourceDate "2023.10.10"]
[SourceVersion "1"]
[SourceVersionDate "2023.10.10"]
[SourceQuality "1"]

1. d4 Nf6 2. c4 e6 3. Nf3 b6 4. g3 Bb7 5. Bg2 Bb4+ 6. Bd2 Be7 7. 0-0 0-0 8. Nc3 c6 9. Ne5 d5 10. Bf4 dxc4 11. Nxc4 Nd5 12. Rc1 Nxf4 13. gxf4 Nd7 14. Ne5 Rc8 15. Nb5 Nxe5 16. dxe5 cxb5 17. Bxb7 Rxc1 18. Qxc1 Bc5 19. e3 Qh4 20. Rd1 Kh8 21. Qd2 g5 22. b4 Be7 23. Kh1 gxf4 24. exf4 Rd8 25. Qe2 Rxd1+ 26. Qxd1 Qxf2 27. Qf3 Qxf3+ 28. Bxf3 Bxb4 29. Bc6 Bd2 30. Bxb5 Bxf4 31. Kg2 Bxe5 32. h3 Kg7 33. Kf3 f5 34. Bd7 Kf6 35. Bc8 Bd4 36. Ke2 e5 37. Kd3 Bc5 38. Kc4 Kg5 39. Kd5 Kf4 40. Ba6 e4 41. Be2 Ke3 42. Bh5 f4 0-1

[Event "Titled Tuesday intern op 28th Feb Early"]
[Site "Chess.com INT"]
[Date "2023.02.28"]
[Round "8"]
[White "Carrasco Miranda, Andres"]
[Black "Nur Mukhametova, Alisa"]
[Result "0-1"]
[WhiteElo "2285"]
[BlackElo "2170"]
[PlyCount "88"]
[EventDate "2023.02.28"]
[EventType "swiss (blitz)"]
[EventRounds "11"]
[EventCountry "USA"]
[SourceTitle "CBM 213 Extra"]
[Source "ChessBase"]
[SourceDate "2023.05.31"]
[SourceVersion "1"]
[SourceVersionDate "2023.05.31"]
[SourceQuality "1"]

1. d4 Nf6 2. c4 e6 3. g3 d5 4. Bg2 Bb4+ 5. Nd2 0-0 6. Ngf3 b6 7. cxd5 exd5 8. 0-0 Bb7 9. a3 Bd6 10. b4 Nbd7 11. Bb2 Re8 12. e3 Ne4 13. Qc2 Ndf6 14. Ne5 Nxd2 15. Qxd2 Ne4 16. Qc2 f6 17. Nd3 Qe7 18. Rfc1 c6 19. b5 cxb5 20. Qb3 a6 21. Ne5 Nd2 22. Qc2 fxe5 23. Qxd2 e4 24. Rc2 Rf8 25. Rac1 a5 26. Bf1 b4 27. axb4 Bxb4 28. Qd1 Qf6 29. Bb5 Ba6 30. Qf1 Bxb5 31. Qxb5 h5 32. Qxd5+ Qf7 33. Qxe4 h4 34. f4 hxg3 35. hxg3 Rae8 36. Qf3 Qe6 37. Kf2 Qf6 38. Rc6 Qf5 39. Rh1 Qd3 40. Qh5 Qd2+ 41. Kf3 Qxe3+ 42. Kg2 Qe4+ 43. Kh2 Qxc6 44. f5 Qc2+ 0-1

[Event "Titled Tuesday intern op 28th Feb Early"]
[Site "Chess.com INT"]
[Date "2023.02.28"]
[Round "10"]
[White "Florescu, Codrut Constantin"]
[Black "Nur Mukhametova, Alisa"]
[Result "1-0"]
[WhiteElo "2245"]
[BlackElo "2170"]
[PlyCount "75"]
[EventDate "2023.02.28"]
[EventType "swiss (blitz)"]
[EventRounds "11"]
[EventCountry "USA"]
[SourceTitle "CBM 213 Extra"]
[Source "ChessBase"]
[SourceDate "2023.05.31"]
[SourceVersion "1"]
[SourceVersionDate "2023.05.31"]
[SourceQuality "1"]

1. e4 c5 2. Nf3 d6 3. d4 cxd4 4. Nxd4 Nf6 5. Nc3 a6 6. f4 Nc6 7. Nf3 e6 8. Bd3 Qb6 9. Qe2 Be7 10. Rb1 Nb4 11. a3 Nxd3+ 12. cxd3 0-0 13. Be3 Qc7 14. Nd4 d5 15. e5 Nd7 16. 0-0 Bc5 17. Rfc1 Qd8 18. b4 Ba7 19. Na4 Qe7 20. Nb3 Bxe3+ 21. Qxe3 f6 22. Rc7 Qd8 23. Rbc1 fxe5 24. fxe5 Rf5 25. d4 b6 26. Qc3 Rf8 27. Qc6 Rb8 28. Qxe6+ Kh8 29. Qxd5 a5 30. b5 Qe8 31. Qd6 Qd8 32. e6 Qf6 33. h3 Bb7 34. d5 Qf2+ 35. Kh1 Nf6 36. Rxb7 Rxb7 37. Qxf8+ Ng8 38. Qxf2 1-0

[Event "Titled Tuesday intern op 28th Feb Early"]
[Site "Chess.com INT"]
[Date "2023.02.28"]
[Round "4"]
[White "Nur Mukhametova, Alisa"]
[Black "Nazari, Arad"]
[Result "0-1"]
[WhiteElo "2170"]
[BlackElo "2379"]
[PlyCount "123"]
[EventDate "2023.02.28"]
[EventType "swiss (blitz)"]
[EventRounds "11"]
[EventCountry "USA"]
[SourceTitle "CBM 213 Extra"]
[Source "ChessBase"]
[SourceDate "2023.05.31"]
[SourceVersion "1"]
[SourceVersionDate "2023.05.31"]
[SourceQuality "1"]

1. Nf3 c5 2. e4 d6 3. Bb5+ Nd7 4. d4 cxd4 5. Qxd4 a6 6. Bxd7+ Qxd7 7. Nc3 e5 8. Qd3 Qc6 9. 0-0 Be6 10. Rd1 h6 11. Nd5 Rc8 12. c3 Bxd5 13. exd5 Qc4 14. Qxc4 Rxc4 15. Nd2 Rc7 16. c4 f5 17. b3 Be7 18. a4 Nf6 19. Ba3 Kd7 20. Rac1 Rb8 21. Nb1 b5 22. axb5 axb5 23. c5 dxc5 24. d6 Bxd6 25. Rxc5 Rxc5 26. Bxc5 Ne4 27. b4 Ke6 28. Bxd6 Nxd6 29. Nc3 Rc8 30. Ne2 Rc4 31. Rb1 g5 32. Kf1 Ne4 33. Ke1 Rc2 34. Ra1 Rb2 35. f3 Nd6 36. Ra6 Rxb4 37. Nc3 Rb3 38. Ne2 f4 39. Kd2 Rb2+ 40. Kd3 b4 41. Rb6 Kd5 42. Nc1 Rxg2 43. Rxb4 Rxh2 44. Ra4 h5 45. Ra5+ Ke6 46. Nb3 h4 47. Nc5+ Ke7 48. Ne4 Nxe4 49. Kxe4 Re2+ 50. Kf5 h3 51. Ra7+ Kd6 52. Rh7 h2 53. Kxg5 Kd5 54. Kf5 Kd4 55. Rh3 Rf2 56. Kg4 Ke3 57. Rh4 Rg2+ 58. Kf5 Kxf3 59. Rh3+ Ke2 60. Kxe5 f3 61. Ke4 f2 62. Re3+ 0-1

[Event "Titled Tuesday intern op 28th Feb Early"]
[Site "Chess.com INT"]
[Date "2023.02.28"]
[Round "7"]
[White "Nur Mukhametova, Alisa"]
[Black "Teterev, Vitaly"]
[Result "0-1"]
[WhiteElo "2170"]
[BlackElo "2377"]
[PlyCount "72"]
[EventDate "2023.02.28"]
[EventType "swiss (blitz)"]
[EventRounds "11"]
[EventCountry "USA"]
[SourceTitle "CBM 213 Extra"]
[Source "ChessBase"]
[SourceDate "2023.05.31"]
[SourceVersion "1"]
[SourceVersionDate "2023.05.31"]
[SourceQuality "1"]

1. c4 e5 2. Nc3 Nf6 3. Nf3 Nc6 4. e4 Bc5 5. Nxe5 0-0 6. Nf3 Re8 7. d3 d5 8. cxd5 Nxd5 9. Be2 Bg4 10. Nxd5 Bxf3 11. gxf3 Nd4 12. Be3 c6 13. Nc3 Qh4 14. Qd2 Rad8 15. 0-0-0 b5 16. Kb1 a5 17. f4 a4 18. Rc1 a3 19. b3 Bb4 20. Bxd4 Rxd4 21. Qe3 Red8 22. Rhg1 Qe7 23. Nd5 R4xd5 24. exd5 Qh4 25. Rg4 Qxh2 26. Qd4 Bf8 27. Rcg1 g6 28. Qf6 Qxf2 29. R4g2 Qb6 30. Qxc6 Qd4 31. Qc2 Rc8 32. Qd2 Bb4 33. Bg4 Bxd2 34. Rxd2 Rc3 35. Rgd1 Rxd3 36. Kc1 Qc3+ 0-1

[Event "Titled Tuesday intern op 07th Feb Early"]
[Site "Chess.com INT"]
[Date "2023.02.07"]
[Round "6"]
[White "Ardila, Oscar Humberto"]
[Black "Nur Mukhametova, Alisa"]
[Result "0-1"]
[WhiteElo "1982"]
[BlackElo "2170"]
[PlyCount "112"]
[EventDate "2023.02.07"]
[EventType "swiss (blitz)"]
[EventRounds "11"]
[EventCountry "USA"]
[SourceTitle "EXT 2024"]
[Source "ChessBase"]
[SourceDate "2023.10.10"]
[SourceVersion "1"]
[SourceVersionDate "2023.10.10"]
[SourceQuality "1"]

1. d4 Nf6 2. c4 g6 3. Nc3 d5 4. Nf3 Bg7 5. Bg5 Ne4 6. e3 Nxg5 7. Nxg5 c5 8. Nxd5 cxd4 9. exd4 Nc6 10. Nf3 0-0 11. Be2 e6 12. Ne3 Nxd4 13. Nxd4 Qxd4 14. Qxd4 Bxd4 15. 0-0-0 Bc5 16. Bf3 Rb8 17. a3 a5 18. Rhe1 b5 19. cxb5 Rxb5 20. Be2 Rb8 21. Ng4 Kg7 22. f4 h5 23. Ne5 Be3+ 24. Kb1 Bxf4 25. Nf3 Bb7 26. g3 Bh6 27. Rd7 Be4+ 28. Ka1 Rfd8 29. Red1 Bd5 30. Rxd8 Rxd8 31. Ne5 Kf8 32. Rf1 Bg7 33. Nxf7 Rb8 34. Nd6+ Kg8 35. Nb5 Rc8 36. Bd3 g5 37. Nd6 Rb8 38. Bb5 Rb6 39. a4 Rxd6 40. Rc1 Rd8 41. Rc7 h4 42. gxh4 gxh4 43. Kb1 Rf8 44. Kc2 Rf2+ 45. Kd3 Rxb2 46. Ra7 Rb3+ 47. Ke2 h3 48. Kf2 Rb2+ 49. Kg3 Bg2 50. Ra8+ Kf7 51. Be8+ Kf6 52. Rxa5 Bh6 53. Rh5 Bg5 54. Bb5 Rb3+ 55. Kf2 Be3+ 56. Kg3 Bg1+ 0-1

[Event "Titled Tuesday intern op 07th Feb Early"]
[Site "Chess.com INT"]
[Date "2023.02.07"]
[Round "5"]
[White "Vaglio Munoz, Jaime"]
[Black "Nur Mukhametova, Alisa"]
[Result "0-1"]
[WhiteElo "2174"]
[BlackElo "2170"]
[PlyCount "182"]
[EventDate "2023.02.07"]
[EventType "swiss (blitz)"]
[EventRounds "11"]
[EventCountry "USA"]
[SourceTitle "EXT 2024"]
[Source "ChessBase"]
[SourceDate "2023.10.10"]
[SourceVersion "1"]
[SourceVersionDate "2023.10.10"]
[SourceQuality "1"]

1. d4 Nf6 2. g3 c5 3. d5 e6 4. dxe6 fxe6 5. Bg2 d5 6. c4 Nc6 7. cxd5 exd5 8. Nf3 Be7 9. 0-0 0-0 10. Nc3 Kh8 11. a3 Be6 12. Bg5 d4 13. Bxf6 Bxf6 14. Ne4 b6 15. Nxf6 Qxf6 16. Nd2 Rac8 17. Rc1 Qe7 18. Qa4 Bd7 19. Rfe1 Qf7 20. Ne4 Rce8 21. f3 a5 22. Nd6 Qe6 23. Nxe8 Rxe8 24. Qc2 Qe3+ 25. Kh1 Ne5 26. b4 axb4 27. axb4 c4 28. Red1 Bc6 29. Qd2 Qxd2 30. Rxd2 Rd8 31. f4 Bxg2+ 32. Kxg2 Ng4 33. Kf3 Ne3 34. Ra1 c3 35. Rd3 Kg8 36. Rc1 Kf7 37. Rxe3 dxe3 38. Rxc3 Rd4 39. b5 Rd5 40. Rb3 Rc5 41. Kxe3 Ke6 42. Ke4 Rc4+ 43. Kd3 Rc5 44. e4 g6 45. g4 h6 46. f5+ gxf5 47. gxf5+ Ke5 48. Ke3 Rc4 49. f6 Rxe4+ 50. Kd3 Rd4+ 51. Kc3 Rd7 52. Kc4 Rc7+ 53. Kd3 Kxf6 54. Ke4 Rc5 55. Kd4 Kf5 56. Rh3 Kg5 57. Rg3+ Kh4 58. Rb3 h5 59. Ke4 Kg4 60. Rg3+ Kh4 61. Rb3 Kg5 62. Kd4 h4 63. Ke4 Kh5 64. Kf4 Rd5 65. Kf3 Rf5+ 66. Ke4 Rf2 67. h3 Rg2 68. Kf4 Rf2+ 69. Ke3 Rf5 70. Ke4 Rg5 71. Rf3 Rg3 72. Rf5+ Kg6 73. Rf8 Rxh3 74. Ke5 Re3+ 75. Kd6 Rc3 76. Rh8 h3 77. Rh4 Kg5 78. Rh8 Kg4 79. Rg8+ Kf3 80. Rf8+ Kg2 81. Rg8+ Rg3 82. Rh8 h2 83. Kc6 Rg6+ 84. Kc7 h1Q 85. Rd8 Qf1 86. Rd2+ Kg3 87. Rc2 Qf4+ 88. Kb7 Rg7+ 89. Ka6 Qd4 90. Rc6 Qa4+ 91. Kxb6 Qa7# 0-1

[Event "The Game has begun U20 Girls"]
[Site "Khanty-Mansiysk"]
[Date "2022.12.02"]
[Round "4"]
[White "Nur Mukhametova, Alisa"]
[Black "Zeliantsova, Kseniya"]
[Result "1-0"]
[WhiteElo "2152"]
[BlackElo "2046"]
[PlyCount "87"]
[EventDate "2022.11.29"]
[EventType "tourn"]
[EventRounds "9"]
[EventCountry "RUS"]
[SourceTitle "CBM 211 Extra"]
[Source "ChessBase"]
[SourceDate "2023.01.31"]
[SourceVersion "1"]
[SourceVersionDate "2023.01.31"]
[SourceQuality "1"]

1. d4 Nf6 2. Nc3 d6 3. e4 g6 4. g3 Bg7 5. Bg2 Nbd7 6. Nge2 0-0 7. 0-0 e5 8. h3 Re8 9. a4 exd4 10. Nxd4 Nc5 11. Re1 Bd7 12. g4 h5 13. g5 Nh7 14. h4 f6 15. f4 fxg5 16. hxg5 Bg4 17. Qd2 a5 18. Nb3 Ne6 19. Qd3 Nhf8 20. Be3 Nd7 21. Qd5 Rf8 22. f5 gxf5 23. Qxe6+ Kh8 24. exf5 Rxf5 25. Qe4 c6 26. Rf1 d5 27. Qxf5 Bxf5 28. Rxf5 Qe8 29. Re1 Qg6 30. Ref1 Rf8 31. Bh3 Rxf5 32. Bxf5 Qd6 33. Bf4 Be5 34. Ne2 Bxf4 35. Nxf4 Ne5 36. Nd4 Qb4 37. Nde6 Qd2 38. Rf2 Qe3 39. Kg2 h4 40. Nh5 Nc4 41. g6 h3+ 42. Bxh3 Qe4+ 43. Kh2 Qe5+ 44. Ng3 1-0